Statistics for Largest Cities in Campania

Click here to take the quiz!

General Stats

  • This quiz has been taken 17 times
  • The average score is 9 of 15

Answer Stats

PopulationCity% Correct
974,074Naples
100%
60,091Benevento
85%
135,261Salerno
85%
54,857Avellino
77%
76,326Caserta
77%
81,661Pozzuoli
77%
122,974Giugliano in Campania
69%
86,275Torre del Greco
62%
66,466Castellammare di Stabia
54%
59,573Acerra
46%
53,709Ercolano
46%
55,274Portici
38%
65,057Afragola
31%
77,642Casoria
31%
59,874Marano di Napoli
31%

Score Distribution

Percentile by Number Answered

Percent of People with Each Score

Your Score History

You have not taken this quiz